Čo s horúčkou?

Podrobná bibliografia
Hlavný autor: -šeri- (Autor)
Médium: Článok
Jazyk:slovenčina
Fyzický popis:Obr. 2
Predmet:

MARC

LEADER 00000nab a2200000 a 4500
001 vtls000563230
003 SK-MaSNL
005 20260303183905.0
008 220422c1995 xo 0 slo
015 |a SNBRB19rr/mm-uuuuu 
035 |a CL0563368 
040 |a SNKBUCL  |b slo  |c SNKBUCL  |e AACR2 
041 0 |a slo 
044 |a xo  |c SK 
080 |a 612.57  |2 1981 
100 1 |a -šeri-  |4 aut  |9 920022 
245 1 0 |a Čo s horúčkou?  |c -šeri- 
300 |b Obr. 2 
650 0 7 |a horúčka  |2 snkbucl  |9 15399 
655 7 |a články z novín a časopisov  |2 snkbucl  |9 267496 
773 0 |t Zdravie  |g Roč. 51, č. 10 (1995), s. 5 
850 |a Slovenská národná knižnica v Martine  |a MTA001 
852 |a SNK  |b KIS3GCP 
958 |a RK 
958 |a ME 
992 |a RBX 
999 |c 2123672  |d 2125602